Nicaragua: de septiembre a junio

محفوظ في:
التفاصيل البيبلوغرافية
التنسيق: نص
الموضوعات:
الوسوم: إضافة وسم
لا توجد وسوم, كن أول من يضع وسما على هذه التسجيلة!

MARC

LEADER 00000 a a2200000 04500
001 17851
003
040
245 |a Nicaragua:   |b de septiembre a junio  
650 |a POLITICA  
650 |a PARTIDOS POLITICOS  
650 |a NICARAGUA  
773 |g volumen 3, número 23, (1979) páginas 177  
999 |c 26002  |d 26002 
773 0 |0 42391  |9 3994  |a Agencia Latinoamericana de Información, ALAI  |d Quito, Ecuador: ALAI  |o 03887  |t ALAI:  |x 08275564 (Servicio mensual de información y documentación)